Analisis wacana warkah-warkah sosial Melayu tradisi abad ke-17 hingga ke-19 /
Saved in:
| Main Author: | |
|---|---|
| Format: | Thesis Book |
| Language: | Malay |
| Published: |
2019.
|
| Subjects: | |
| Tags: |
Add Tag
No Tags, Be the first to tag this record!
|
| LEADER | 01630cam a2200361 i 4500 | ||
|---|---|---|---|
| 001 | u1127393 | ||
| 003 | SIRSI | ||
| 005 | 20191127153| | ||
| 008 | 191127s2019 my a m 000 0 may | ||
| 040 | |a UMM |d UMPM |d AUM |e rda | ||
| 090 | |a PL5065 |b UM 2019 Muhhh | ||
| 100 | 0 | |a Muhammad Hisyam Haliah, |e author. | |
| 245 | 1 | 0 | |a Analisis wacana warkah-warkah sosial Melayu tradisi abad ke-17 hingga ke-19 / |c Muhammad Hisyam bin Haliah. |
| 264 | 1 | |c 2019. | |
| 300 | |a xix, 379 pages : |b illustrations ; |c 30 cm | ||
| 336 | |a text |2 rdacontent | ||
| 337 | |a unmediated |2 rdamedia | ||
| 337 | |a computer |2 rdamedia | ||
| 338 | |a volume |2 rdacarrier | ||
| 338 | |a computer disc |2 rdacarrier | ||
| 502 | |b M.Malay Stud. |c Jabatan Bahasa Melayu, Akademi Pengajian Melayu, Universiti Malaya |d 2019. | ||
| 504 | |a Bibliography: leaves 323-328. | ||
| 530 | |a Also issued in CD. | ||
| 650 | 0 | |a Malay literature |y 17th century |x History and criticism. | |
| 650 | 0 | |a Malay literature |y 19th century |x History and criticism. | |
| 650 | 0 | |a Malay letters |y 17th century |x History and criticism. | |
| 650 | 0 | |a Malay letters |y 19th century |x History and criticism. | |
| 710 | 2 | |a Universiti Malaya. |b Jabatan Bahasa Melayu, |e degree granting institution. | |
| 900 | |a NNANS NSM | ||
| 596 | |a 1 23 25 | ||
| 999 | |a PL5065 UM 2019 MUHHH |w LC |c 1 |i A517437099 |f 2/12/2019 |g 1 |l STACKS |m P23MELAYU |r Y |s Y |t TESIS |u 2/12/2019 |1 AHSS | ||
| 999 | |a PL5065 UM 2019 MUHHH |w LC |c 1 |i A517480888 |f 5/12/2019 |g 1 |l STACKS |m P01UTAMA |r Y |s Y |t TESIS |u 5/12/2019 |1 AHSS | ||
| 999 | |a PL5065 UM 2019 MUHHH |w LC |c 1 |i A517199947 |f 21/5/2020 |g 1 |l STACKS |m P25UMARCHI |r N |s Y |t CD |u 21/5/2020 |1 AHSS |o .STAFF. MST-CD458 | ||
